| 000 | 01289cam a2200313 a 4500 | ||
|---|---|---|---|
| 001 | 14659603 | ||
| 005 | 20201128020729.0 | ||
| 008 | 061207s2008 maua b 001 0 eng | ||
| 010 | _a 2006100869 | ||
| 020 | _a9780072920109 (alk. paper) | ||
| 020 | _a0072920106 (alk. paper) | ||
| 035 | _a(OCoLC)ocm76940029 | ||
| 035 | _a(OCoLC)76940029 | ||
| 040 |
_aDLC _cDLC _dYDX _dBAKER _dBTCTA _dDLC |
||
| 050 | 0 | 0 |
_aHD30.4 _b.B355 2008 |
| 082 | 0 | 0 |
_a658.40712 _222 _bBAL |
| 100 | 1 |
_aBaldwin, Timothy T. _92993 |
|
| 245 | 1 | 0 |
_aDeveloping management skills : _bwhat great managers know and do / _cTimothy T. Baldwin, William H. Bommer, Robert S. Rubin. |
| 260 |
_aBoston : _bMcGraw-Hill/Irwin, _cc2008. |
||
| 300 |
_axxxiv, 411 p. : _bill. ; _c28 cm. |
||
| 504 | _aIncludes bibliographical references (p. 369-382) and indexes. | ||
| 650 | 0 |
_aManagement _xStudy and teaching. _92994 |
|
| 700 | 1 |
_aBommer, William. _92995 |
|
| 700 | 1 |
_aRubin, Robert S. _92996 |
|
| 856 | 4 | 2 |
_3Publisher description _uhttp://www.loc.gov/catdir/enhancements/fy0705/2006100869-d.html |
| 856 | 4 | 1 |
_3Table of contents only _uhttp://www.loc.gov/catdir/enhancements/fy0705/2006100869-t.html |
| 942 |
_2ddc _cBB |
||
| 999 |
_c11153 _d11153 |
||